BAUERNMALEREI AN OLD FOLKS ART (Record no. 421573)

MARC details
000 -LEADER
fixed length control field 00263nam a2200097Ia 4500
082 ## - DEWEY DECIMAL CLASSIFICATION NUMBER
Classification number 745.72 MUL
008 - FIXED-LENGTH DATA ELEMENTS--GENERAL INFORMATION
fixed length control field 210817s9999 xx 000 0 und d
100 ## - MAIN ENTRY--PERSONAL NAME
Personal name MULLER, M. Kaapstad, 1983
9 (RLIN) 99293
245 #0 - TITLE STATEMENT
Title BAUERNMALEREI AN OLD FOLKS ART
942 ## - ADDED ENTRY ELEMENTS
item type Books

No items available.